[Event "Swiss Queens Wed #6"]
[Site "FIDE Online Arena INT"]
[Date "2024.03.06"]
[Round "4"]
[White "Lahav, Michal"]
[Black "Aliaga Fernandez, Ingrid Yadira"]
[Result "1/2-1/2"]
[WhiteElo "2213"]
[BlackElo "2147"]
[PlyCount "117"]
[EventDate "2024.03.06"]
[EventType "swiss (blitz)"]
[EventRounds "11"]
[EventCountry "NET"]
[SourceTitle "CB11_2024"]
[SourceDate "2024.03.13"]
[SourceVersion "1"]
[SourceVersionDate "2024.03.13"]
[SourceQuality "1"]

1. b3 d5 2. Bb2 Nf6 3. e3 c6 4. Nf3 Bg4 5. Be2 Nbd7 6. 0-0 Qc7 7. c4 e6 8. d3 Bd6 9. Nbd2 0-0 10. Rc1 Qa5 11. Rc2 Rfe8 12. h3 Bh5 13. Qa1 Qd8 14. Rfc1 e5 15. Bf1 a5 16. a3 Bg6 17. Nh4 Qe7 18. Nxg6 hxg6 19. cxd5 cxd5 20. Be2 Red8 21. Nf3 Re8 22. d4 e4 23. Ne5 Nxe5 24. dxe5 Bxe5 25. Bxe5 Qxe5 26. Qxe5 Rxe5 27. Rc7 Rb8 28. R1c5 b6 29. R5c6 Kf8 30. Rc8+ Rxc8 31. Rxc8+ Re8 32. Rc6 Rb8 33. Bb5 Rb7 34. Rc8+ Ke7 35. Bc6 Ra7 36. Rb8 Kd6 37. Bb5 Nd7 38. Bxd7 Kxd7 39. Rxb6 Kc7 40. Rb5 Kc6 41. Rb8 Rb7 42. Rxb7 Kxb7 43. Kf1 Kb6 44. Ke2 Kc5 45. Kd2 d4 46. exd4+ Kxd4 47. h4 f6 48. g3 f5 49. b4 axb4 50. axb4 Kc4 51. Ke3 Kxb4 52. Kf4 Kc3 53. Kg5 Kd3 54. Kxg6 Ke2 55. Kxf5 Kxf2 56. Kxe4 Kxg3 57. Kf5 Kxh4 58. Kg6 Kg4 59. Kxg7 1/2-1/2

[Event "Swiss Queens Wed #6"]
[Site "FIDE Online Arena INT"]
[Date "2024.03.06"]
[Round "2"]
[White "Lahav, Michal"]
[Black "Enerel, Burentsogt"]
[Result "1-0"]
[WhiteElo "2213"]
[BlackElo "1639"]
[PlyCount "113"]
[EventDate "2024.03.06"]
[EventType "swiss (blitz)"]
[EventRounds "11"]
[EventCountry "NET"]
[SourceTitle "CB11_2024"]
[SourceDate "2024.03.13"]
[SourceVersion "1"]
[SourceVersionDate "2024.03.13"]
[SourceQuality "1"]

1. b3 e5 2. Bb2 Nc6 3. e3 Nf6 4. Nf3 d6 5. d4 exd4 6. exd4 Bg4 7. Be2 g6 8. 0-0 Bg7 9. d5 Ne7 10. c4 0-0 11. Re1 c6 12. dxc6 Nxc6 13. Nbd2 d5 14. h3 Bxf3 15. Bxf3 dxc4 16. Nxc4 Re8 17. Rxe8+ Qxe8 18. Nd6 Qe6 19. Nxb7 Ne5 20. Nc5 Nxf3+ 21. Qxf3 Qd5 22. Qxd5 Nxd5 23. Bxg7 Kxg7 24. Rd1 Nc3 25. Rd2 a5 26. Rc2 Nd5 27. Nd3 Nb4 28. Nxb4 axb4 29. Kf1 Kf6 30. Ke2 Ke5 31. Kd3 Rd8+ 32. Ke3 Ra8 33. Rc4 Rxa2 34. Rxb4 Rb2 35. Rb7 Ke6 36. h4 h6 37. g3 g5 38. hxg5 hxg5 39. Rb6+ Ke5 40. Rb5+ Kf6 41. Kf3 Kg6 42. Kg4 f6 43. f3 Rb1 44. Rb6 Rb2 45. b4 Rb3 46. f4 gxf4 47. Kxf4 Kf7 48. g4 Ke7 49. Kf5 Rf3+ 50. Kg6 Rf4 51. Rb7+ Ke6 52. Kh5 Kd6 53. b5 Rb4 54. Rb8 Kc5 55. Rf8 Rf4 56. Rb8 Kd6 57. Rb6+ 1-0

[Event "Swiss Queens Wed #6"]
[Site "FIDE Online Arena INT"]
[Date "2024.03.06"]
[Round "8"]
[White "Lahav, Michal"]
[Black "Gong, Qianyun"]
[Result "0-1"]
[WhiteElo "2213"]
[BlackElo "2267"]
[PlyCount "96"]
[EventDate "2024.03.06"]
[EventType "swiss (blitz)"]
[EventRounds "11"]
[EventCountry "NET"]
[SourceTitle "CB11_2024"]
[SourceDate "2024.03.13"]
[SourceVersion "1"]
[SourceVersionDate "2024.03.13"]
[SourceQuality "1"]

1. b3 d5 2. Bb2 Nc6 3. e3 a6 4. Be2 e5 5. f4 exf4 6. exf4 Nf6 7. Nf3 Bc5 8. Nc3 0-0 9. Na4 Ba7 10. d4 Ng4 11. Qd2 Re8 12. 0-0-0 Bf5 13. Rde1 Nf2 14. Rhf1 Ne4 15. Qd1 b5 16. Nc5 Nxc5 17. dxc5 Bxc5 18. g4 Be4 19. Ng5 Nb4 20. Bd3 Nxd3+ 21. cxd3 Bg6 22. Kb1 h6 23. Nf3 d4 24. f5 Bh7 25. Rxe8+ Qxe8 26. Bxd4 Bxd4 27. Nxd4 Rd8 28. Nf3 f6 29. Qc2 Qd7 30. d4 Kh8 31. Re1 Bg8 32. h4 Bd5 33. Nd2 Qd6 34. g5 Qg3 35. Re7 fxg5 36. hxg5 Qxg5 37. Qxc7 Rg8 38. Kc2 Qxf5+ 39. Kb2 Qf2 40. Qc2 Qxd4+ 41. Kb1 Rf8 42. Rc7 Bg8 43. Qc3 Qg1+ 44. Kb2 Bh7 45. Nf3 Qg2+ 46. Nd2 h5 47. Rd7 Qg4 48. Ka3 Qxd7 0-1

[Event "Swiss Queens Wed #5"]
[Site "FIDE Online Arena INT"]
[Date "2024.02.28"]
[Round "3"]
[White "Bulatova, Kamaliya"]
[Black "Lahav, Michal"]
[Result "1-0"]
[WhiteElo "2091"]
[BlackElo "2221"]
[PlyCount "89"]
[EventDate "2024.02.28"]
[EventType "swiss (blitz)"]
[EventRounds "11"]
[EventCountry "NET"]
[SourceTitle "CB10_2024"]
[SourceDate "2024.03.06"]
[SourceVersion "1"]
[SourceVersionDate "2024.03.06"]
[SourceQuality "1"]

1. d4 Nf6 2. Nc3 c5 3. d5 g6 4. e4 d6 5. Bb5+ Bd7 6. Be2 Bg7 7. f4 0-0 8. Nf3 Na6 9. 0-0 Nc7 10. e5 dxe5 11. fxe5 Ng4 12. Bf4 Bh6 13. Qd2 Bxf4 14. Qxf4 Kg7 15. h3 Nh6 16. g4 a6 17. Rad1 Bb5 18. Bxb5 axb5 19. a3 Ra6 20. Nh4 Ng8 21. Kh2 Qd7 22. Nf5+ Kh8 23. Ne3 Kg7 24. Ne4 Ra4 25. b3 Rxa3 26. Nxc5 Qc8 27. Qd4 Ra2 28. e6+ f6 29. d6 Nxe6 30. Nxe6+ Qxe6 31. d7 Rd8 32. Qd5 Qxd5 33. Rxd5 e6 34. Rd6 Kf7 35. Rfd1 Ke7 36. Rb6 Rxd7 37. Rxd7+ Kxd7 38. Rxb7+ Kd6 39. Rxb5 Ne7 40. Kg3 Nc6 41. Rb7 h5 42. gxh5 gxh5 43. b4 Rb2 44. b5 Nd4 45. Nc4+ 1-0

[Event "Swiss Queens Wed #5"]
[Site "FIDE Online Arena INT"]
[Date "2024.02.28"]
[Round "5"]
[White "Kanyamarala, Trisha"]
[Black "Lahav, Michal"]
[Result "1/2-1/2"]
[WhiteElo "2243"]
[BlackElo "2221"]
[PlyCount "81"]
[EventDate "2024.02.28"]
[EventType "swiss (blitz)"]
[EventRounds "11"]
[EventCountry "NET"]
[SourceTitle "CB10_2024"]
[SourceDate "2024.03.06"]
[SourceVersion "1"]
[SourceVersionDate "2024.03.06"]
[SourceQuality "1"]

1. c4 Nf6 2. Nc3 c5 3. g3 Nc6 4. Bg2 g6 5. Nf3 Bg7 6. 0-0 d5 7. cxd5 Nxd5 8. Ne4 b6 9. d3 0-0 10. Rb1 Bb7 11. Bd2 Qd7 12. Qc1 Rfd8 13. Bh6 Bh8 14. h4 Rac8 15. Kh2 Nd4 16. Nxd4 cxd4 17. Qd1 Nf6 18. Nxf6+ Bxf6 19. Bh3 e6 20. h5 Qd5 21. hxg6 hxg6 22. Qd2 Qh5 23. g4 Qh4 24. Bf4 Kg7 25. g5 Rh8 26. gxf6+ Kxf6 27. Bg5+ Qxg5 28. Qxg5+ Kxg5 29. Kg3 Rh5 30. f4+ Kf6 31. Bg4 Rh7 32. Rbc1 Rxc1 33. Rxc1 Bd5 34. Rc7 Bxa2 35. Rxa7 Bd5 36. Ra6 Rh1 37. Rxb6 Rg1+ 38. Kh3 Rh1+ 39. Kg3 Rg1+ 40. Kh3 Rh1+ 41. Kg3 1/2-1/2

[Event "Swiss Queens Wed #5"]
[Site "FIDE Online Arena INT"]
[Date "2024.02.28"]
[Round "1"]
[White "Ovezdurdiyeva, Jemal"]
[Black "Lahav, Michal"]
[Result "0-1"]
[WhiteElo "2057"]
[BlackElo "2221"]
[PlyCount "108"]
[EventDate "2024.02.28"]
[EventType "swiss (blitz)"]
[EventRounds "11"]
[EventCountry "NET"]
[SourceTitle "CB10_2024"]
[SourceDate "2024.03.06"]
[SourceVersion "1"]
[SourceVersionDate "2024.03.06"]
[SourceQuality "1"]

1. e4 e6 2. d4 d5 3. Nd2 Be7 4. Ngf3 Nf6 5. Bd3 c5 6. c3 cxd4 7. Nxd4 dxe4 8. Nxe4 Bd7 9. 0-0 Nc6 10. Be3 0-0 11. Qc2 g6 12. Rfe1 Rc8 13. Rad1 Nb4 14. Qb1 Nxd3 15. Qxd3 Qc7 16. Nxf6+ Bxf6 17. Nb5 Bxb5 18. Qxb5 a6 19. Qb6 Qxb6 20. Bxb6 Rc6 21. Be3 Rfc8 22. Rd7 R6c7 23. Red1 Rxd7 24. Rxd7 Rd8 25. Rxd8+ Bxd8 26. Kf1 Kf8 27. Ke2 Ke7 28. Kd3 Kd6 29. c4 e5 30. g4 Ke6 31. b4 f5 32. f3 Be7 33. Kc3 Bf6 34. Kd3 Bh4 35. gxf5+ gxf5 36. f4 Be7 37. a3 Bd6 38. fxe5 Kxe5 39. c5 Bc7 40. Kc4 Ke4 41. Bg1 f4 42. b5 axb5+ 43. Kxb5 f3 44. a4 Bxh2 45. Bf2 Bc7 46. c6 bxc6+ 47. Kxc6 Ba5 48. Kb5 Bc3 49. a5 Bxa5 50. Kxa5 Kd3 51. Kb5 Ke2 52. Bh4 f2 53. Bxf2 Kxf2 54. Kc4 h5 0-1

[Event "ISR-chT"]
[Site "Israel"]
[Date "2024.01.19"]
[Round "3.30"]
[White "Lahav, Michal"]
[Black "Katkov, Michelle"]
[Result "1-0"]
[WhiteElo "2205"]
[BlackElo "2118"]
[PlyCount "107"]
[EventDate "2024.01.10"]
[EventType "team-tourn"]
[EventRounds "11"]
[EventCountry "ISR"]
[SourceTitle "CB09_2024"]
[SourceDate "2024.02.28"]
[SourceVersion "1"]
[SourceVersionDate "2024.02.28"]
[SourceQuality "1"]
[WhiteTeam "Rishon Le iZion II"]
[BlackTeam "Rehovot"]
[WhiteTeamCountry "ISR"]
[BlackTeamCountry "ISR"]

1. e4 e5 2. Nf3 Nc6 3. Bb5 a6 4. Ba4 Nf6 5. 0-0 Be7 6. Re1 b5 7. Bb3 d6 8. c3 0-0 9. h3 Nb8 10. d4 Nbd7 11. Nbd2 Bb7 12. Bc2 Re8 13. a3 Bf8 14. Bd3 c5 15. d5 c4 16. Bc2 Nc5 17. Nf1 Nfd7 18. g4 a5 19. Ng3 g6 20. Kh2 Qb6 21. Be3 Ba6 22. Rg1 b4 23. Ba4 Bb5 24. axb4 axb4 25. cxb4 Bxa4 26. Rxa4 Rxa4 27. bxc5 Qa6 28. c6 Nb8 29. Qc1 Qb5 30. Bh6 Ra2 31. Bxf8 Rxf8 32. Qh6 Qxb2 33. Rg2 Qxf2 34. Nh4 Qf4 35. Qxf8+ Kxf8 36. Rxa2 Na6 37. Rxa6 Qf2+ 38. Ng2 Qc5 39. Ra2 Ke7 40. Rc2 Kd8 41. Re2 Qd4 42. Ne3 Qd3 43. Kg2 Kc7 44. g5 Kd8 45. Kf3 Qb3 46. Rc2 c3 47. Ne2 Qb1 48. Rc1 Qb2 49. Rxc3 Kc7 50. Rc1 Qa2 51. Rh1 Qb2 52. h4 Qb8 53. Ra1 Kc8 54. Kf2 1-0

[Event "Titled Tuesday intern op 12th Sep Late"]
[Site "Chess.com INT"]
[Date "2023.09.12"]
[Round "2"]
[White "Sroczynski, Maciej"]
[Black "Lahav, Michal"]
[Result "0-1"]
[WhiteElo "2271"]
[BlackElo "2212"]
[PlyCount "78"]
[EventDate "2023.09.12"]
[EventType "swiss (blitz)"]
[EventRounds "11"]
[EventCountry "USA"]
[SourceTitle "EXT 2024"]
[Source "ChessBase"]
[SourceDate "2023.10.10"]
[SourceVersion "1"]
[SourceVersionDate "2023.10.10"]
[SourceQuality "1"]

1. Nf3 c5 2. g3 Nc6 3. Bg2 d5 4. 0-0 Nf6 5. d3 e5 6. Nbd2 Be7 7. e4 0-0 8. Re1 Qc7 9. exd5 Nxd5 10. Nxe5 Nxe5 11. Bxd5 Bg4 12. Nf3 Rad8 13. h3 Rxd5 14. hxg4 Nxg4 15. Bf4 Qd7 16. Qe2 Bf6 17. Rab1 h6 18. b4 Bc3 19. Bd2 cxb4 20. Bxc3 bxc3 21. Qe4 Nf6 22. Qb4 Rh5 23. Nh4 Qh3 24. Qxb7 Nd5 25. Rb5 Rd8 26. Re7 Rxh4 27. gxh4 Qg4+ 28. Kf1 Nf4 29. Rb1 Qh3+ 30. Ke1 Qxh4 31. Qf3 Qxe7+ 32. Kf1 Qh4 33. Rb4 Qh3+ 34. Qxh3 Nxh3 35. Rc4 Re8 36. Rxc3 Nf4 37. Rc7 a6 38. Rc6 Rb8 39. Rxa6 Rb1# 0-1

[Event "Arad op 16th"]
[Site "Arad"]
[Date "2023.08.13"]
[Round "9"]
[White "Lazov, Toni"]
[Black "Lahav, Michal"]
[Result "1/2-1/2"]
[WhiteElo "2356"]
[BlackElo "2193"]
[PlyCount "83"]
[EventDate "2023.08.07"]
[EventType "swiss"]
[EventRounds "9"]
[EventCountry "ROU"]
[SourceTitle "EXT 2024"]
[Source "ChessBase"]
[SourceDate "2023.10.10"]
[SourceVersion "1"]
[SourceVersionDate "2023.10.10"]
[SourceQuality "1"]

1. e4 e6 2. f4 d5 3. e5 c5 4. Nf3 Nc6 5. c3 h5 6. Na3 Nh6 7. Nc2 Bd7 8. d4 Rc8 9. Bd3 cxd4 10. Nfxd4 g6 11. Be3 Na5 12. Qe2 a6 13. Bf2 Be7 14. Ne3 Qc7 15. 0-0 Nc4 16. Rac1 b5 17. g3 Nxe3 18. Bxe3 Ng4 19. Bd2 Bc5 20. h3 Nh6 21. g4 hxg4 22. hxg4 Ng8 23. Kg2 Ne7 24. Rh1 Rxh1 25. Rxh1 Bc6 26. b4 Bxd4 27. cxd4 Kd7 28. Rh7 Rf8 29. Qe1 Qb6 30. Be3 Bb7 31. Bf2 Ke8 32. a3 Qc7 33. Kf3 Nc8 34. Bxg6 Qc4 35. Qb1 Ne7 36. Bh5 Qc3+ 37. Be3 Nc6 38. Qd1 Qxa3 39. g5 Ne7 40. Qd2 Qb3 41. Kf2 Qb1 42. Rh6 1/2-1/2

[Event "Arad op 16th"]
[Site "Arad"]
[Date "2023.08.08"]
[Round "2"]
[White "Lahav, Michal"]
[Black "Sahidi, Samir"]
[Result "0-1"]
[WhiteElo "2193"]
[BlackElo "2497"]
[PlyCount "70"]
[EventDate "2023.08.07"]
[EventType "swiss"]
[EventRounds "9"]
[EventCountry "ROU"]
[SourceTitle "EXT 2024"]
[Source "ChessBase"]
[SourceDate "2023.10.10"]
[SourceVersion "1"]
[SourceVersionDate "2023.10.10"]
[SourceQuality "1"]

1. e4 c5 2. c3 Nf6 3. e5 Nd5 4. Nf3 Nc6 5. Bc4 Nb6 6. Bb3 d5 7. exd6 Qxd6 8. 0-0 Bf5 9. d4 e6 10. Na3 Qd7 11. Nc4 Nxc4 12. Bxc4 cxd4 13. Nxd4 Nxd4 14. cxd4 Bd6 15. d5 e5 16. Re1 0-0 17. Bd2 Bg6 18. Bc3 f6 19. Qe2 Rac8 20. Rad1 Rfd8 21. Ba5 Rf8 22. Bc3 a6 23. Bb3 Rfe8 24. Qf3 e4 25. Qe3 f5 26. Qh3 Qf7 27. Kh1 f4 28. Bd2 h6 29. Qh4 Kh7 30. Rc1 Rxc1 31. Bxc1 e3 32. h3 Bb4 33. fxe3 Bxe1 34. Qxe1 fxe3 35. d6 Qf2 0-1

[Event "Titled Tuesday intern op 30th Aug Late"]
[Site "Chess.com INT"]
[Date "2022.08.30"]
[Round "6"]
[White "Dudzinski, Pawel"]
[Black "Lahav, Michal"]
[Result "1-0"]
[WhiteElo "2198"]
[BlackElo "2167"]
[PlyCount "141"]
[EventDate "2022.08.30"]
[EventType "swiss (blitz)"]
[EventRounds "11"]
[EventCountry "USA"]
[SourceTitle "EXT 2023"]
[Source "ChessBase"]
[SourceDate "2022.10.05"]
[SourceVersion "1"]
[SourceVersionDate "2022.10.05"]
[SourceQuality "1"]

1. e4 Nf6 2. e5 Nd5 3. Nc3 Nxc3 4. dxc3 d6 5. Bc4 e6 6. exd6 Bxd6 7. Be3 Bd7 8. Qe2 Bc6 9. Bb5 Qh4 10. Nf3 Qg4 11. 0-0 0-0 12. h3 Bxf3 13. hxg4 Bxe2 14. Bxe2 Nc6 15. Bf3 Ne5 16. Be2 Ng6 17. g3 Rfd8 18. Rfd1 c6 19. Kg2 Kf8 20. f4 Ne7 21. c4 Ke8 22. Kf3 h6 23. c3 Nc8 24. b4 Ne7 25. c5 Bc7 26. c4 e5 27. f5 Ng8 28. g5 hxg5 29. Bxg5 Ne7 30. f6 gxf6 31. Bxf6 Rxd1 32. Rxd1 Nf5 33. Bd3 Nd4+ 34. Ke4 Kd7 35. Bxe5 Re8 36. Kxd4 Bxe5+ 37. Ke4 Bxg3+ 38. Kf3 Be5 39. b5 Kc7 40. Be4 Rg8 41. bxc6 bxc6 42. Bf5 f6 43. Rd7+ Kb8 44. Rf7 Rg3+ 45. Ke4 Rc3 46. Be6 Rc2 47. Bd7 Rxc4+ 48. Kf5 Rxc5 49. Ke6 Rd5 50. Rf8+ Kb7 51. Rf7 Rd6+ 52. Kf5 Kb6 53. Bc8 Rd5 54. Rb7+ Kc5 55. Rxa7 Rd2 56. a4 Rf2+ 57. Ke4 Ra2 58. a5 Bc3 59. a6 Kb6 60. Rb7+ Kc5 61. a7 Be5 62. Rd7 Kb6 63. Rb7+ Kc5 64. Bd7 Ra4+ 65. Kf5 Kd6 66. Be8 Bd4 67. Rd7+ Kc5 68. Rc7 Kd5 69. Bxc6+ Kd6 70. Bxa4 Kxc7 71. a8Q 1-0

[Event "Titled Tuesday intern op 30th Aug Late"]
[Site "Chess.com INT"]
[Date "2022.08.30"]
[Round "7"]
[White "Lahav, Michal"]
[Black "Bernado Lopez, Roger"]
[Result "1-0"]
[WhiteElo "2167"]
[BlackElo "2249"]
[PlyCount "81"]
[EventDate "2022.08.30"]
[EventType "swiss (blitz)"]
[EventRounds "11"]
[EventCountry "USA"]
[SourceTitle "EXT 2023"]
[Source "ChessBase"]
[SourceDate "2022.10.05"]
[SourceVersion "1"]
[SourceVersionDate "2022.10.05"]
[SourceQuality "1"]

1. b3 e5 2. Bb2 Nc6 3. g3 d5 4. Bg2 f5 5. Nf3 Bd6 6. c4 d4 7. e3 d3 8. 0-0 Nf6 9. Ne1 e4 10. f3 0-0 11. fxe4 fxe4 12. Bxf6 Rxf6 13. Rxf6 Qxf6 14. Nc3 Be5 15. Nxe4 Qg6 16. Rc1 Bf5 17. Nf2 Nb4 18. a3 Nc2 19. e4 Be6 20. Nexd3 Bd4 21. Qxc2 Rf8 22. Rf1 Bg4 23. c5 Kh8 24. Qc4 Qf6 25. e5 Qd8 26. Bd5 Be2 27. Qxd4 Bxf1 28. Kxf1 c6 29. Nf4 cxd5 30. Qxd5 Qa5 31. b4 Qxa3 32. N2d3 Qa1+ 33. Kg2 g5 34. Qd6 Rf5 35. Qd8+ Kg7 36. Qe7+ Kh8 37. Qe8+ Kg7 38. Qd7+ Rf7 39. Qg4 h6 40. h4 Qd1 41. Qxd1 1-0

[Event "Titled Tuesday intern op 30th Aug Late"]
[Site "Chess.com INT"]
[Date "2022.08.30"]
[Round "9"]
[White "Lahav, Michal"]
[Black "Estrada Nieto, Julian"]
[Result "1-0"]
[WhiteElo "2167"]
[BlackElo "2260"]
[PlyCount "87"]
[EventDate "2022.08.30"]
[EventType "swiss (blitz)"]
[EventRounds "11"]
[EventCountry "USA"]
[SourceTitle "EXT 2023"]
[Source "ChessBase"]
[SourceDate "2022.10.05"]
[SourceVersion "1"]
[SourceVersionDate "2022.10.05"]
[SourceQuality "1"]

1. b3 d5 2. Bb2 Nf6 3. f4 Bf5 4. Nf3 e6 5. e3 Nbd7 6. Be2 Bd6 7. 0-0 h6 8. d3 0-0 9. Nbd2 Ng4 10. e4 Ne3 11. Qc1 Nxf1 12. Qxf1 dxe4 13. dxe4 Bh7 14. Ne1 Nf6 15. Bd3 Bc5+ 16. Kh1 Ng4 17. h3 Nf2+ 18. Kh2 Qh4 19. Be5 Nxd3 20. Nxd3 Bd6 21. Re1 Rad8 22. Bc3 Qh5 23. Nc4 Be7 24. Qf3 Qxf3 25. gxf3 f6 26. Na5 Rb8 27. Rg1 Kf7 28. Nc4 Rfd8 29. Ne3 b5 30. Rg2 b4 31. Bb2 Kf8 32. Kh1 Bg8 33. f5 Rd7 34. fxe6 Bxe6 35. Nf4 Bf7 36. Nf5 g5 37. Nd3 Rbd8 38. h4 Bh5 39. Rg3 Rxd3 40. cxd3 Rxd3 41. hxg5 Bxf3+ 42. Rxf3 Rxf3 43. gxh6 Kg8 44. Kg2 1-0

[Event "Titled Tuesday intern op 30th Aug Late"]
[Site "Chess.com INT"]
[Date "2022.08.30"]
[Round "3"]
[White "Lahav, Michal"]
[Black "Kim, Sergey2222"]
[Result "1/2-1/2"]
[WhiteElo "2167"]
[BlackElo "2295"]
[PlyCount "116"]
[EventDate "2022.08.30"]
[EventType "swiss (blitz)"]
[EventRounds "11"]
[EventCountry "USA"]
[SourceTitle "EXT 2023"]
[Source "ChessBase"]
[SourceDate "2022.10.05"]
[SourceVersion "1"]
[SourceVersionDate "2022.10.05"]
[SourceQuality "1"]

1. Nf3 Nf6 2. g3 g6 3. Bg2 Bg7 4. 0-0 d6 5. d4 0-0 6. b3 e5 7. dxe5 Nfd7 8. Bb2 dxe5 9. Nbd2 Nc6 10. e4 Re8 11. Nc4 a5 12. Qd2 b5 13. Ne3 Nc5 14. Qc3 Qd6 15. Rad1 Nd4 16. Qe1 Bb7 17. Nxe5 Bxe5 18. f4 Bg7 19. e5 Qb6 20. Bxd4 Bxg2 21. Kxg2 Qb7+ 22. Kg1 Ne6 23. Bb2 Qb6 24. Qf2 a4 25. b4 a3 26. Bc3 Qc6 27. Rd3 Rad8 28. Rfd1 Rxd3 29. Rxd3 Rd8 30. Rxd8+ Nxd8 31. Qd2 Ne6 32. Nd5 Qc4 33. Kg2 h5 34. Ne3 Qxa2 35. Qd7 Qb1 36. Qe8+ Bf8 37. Qxb5 a2 38. Qa4 c5 39. Nd5 cxb4 40. Nf6+ Kg7 41. Ne8+ Kh6 42. Bd2 a1Q 43. f5+ Ng5 44. Bxg5+ Kxg5 45. Qxa1 Qxa1 46. h4+ Kh6 47. f6 Qxe5 48. Ng7 Qxf6 49. Kh3 Qxg7 50. Kh2 Qf6 51. Kg2 Qf5 52. Kh1 Qg4 53. Kh2 Qf3 54. c4 Bd6 55. c5 Qxg3+ 56. Kh1 Qf3+ 57. Kg1 Bxc5+ 58. Kh2 b3 1/2-1/2

[Event "Olympiad Women-44"]
[Site "Chennai"]
[Date "2022.07.30"]
[Round "2.3"]
[White "Lahav, Michal"]
[Black "Rovira Contreras, Tairu Manuela"]
[Result "1-0"]
[WhiteElo "2185"]
[BlackElo "2036"]
[PlyCount "77"]
[EventDate "2022.07.29"]
[EventType "team-swiss"]
[EventRounds "11"]
[EventCountry "IND"]
[SourceTitle "CBM 210"]
[Source "ChessBase"]
[SourceDate "2022.10.31"]
[SourceVersion "1"]
[SourceVersionDate "2022.10.31"]
[SourceQuality "1"]
[WhiteTeam "Israel (W)"]
[BlackTeam "Venezuela (W)"]
[WhiteTeamCountry "ISR"]
[BlackTeamCountry "VEN"]

1. e4 e5 2. Nf3 Nc6 3. Bb5 a6 4. Bxc6 dxc6 5. 0-0 f6 6. d4 exd4 7. Qxd4 Qxd4 8. Nxd4 c5 9. Nb3 Be6 10. Rd1 Bd6 11. Nc3 0-0-0 12. Be3 b6 13. Rd2 f5 14. f4 Nh6 15. e5 Be7 16. h3 Nf7 17. Nc1 Rhg8 18. N1e2 h6 19. Kh2 g5 20. Rxd8+ Rxd8 21. g3 Rd7 22. Ng1 b5 23. a3 Rd8 24. Nf3 Rg8 25. Rd1 Rd8 26. Ra1 Rg8 27. Rb1 gxf4 28. gxf4 b4 29. axb4 cxb4 30. Nd4 Bc5 31. Nxe6 Bxe3 32. Nd5 Kd7 33. Nxe3 Kxe6 34. Ra1 Ra8 35. Rg1 Nh8 36. Rg7 c6 37. Rc7 Ng6 38. Rxc6+ Kf7 39. Nxf5 1-0

[Event "ISR-ch sf"]
[Site "Ramat Gan"]
[Date "2022.06.13"]
[Round "5"]
[White "Chernomordik, Pavel"]
[Black "Lahav, Michal"]
[Result "1/2-1/2"]
[WhiteElo "2178"]
[BlackElo "2199"]
[PlyCount "38"]
[EventDate "2022.05.09"]
[EventType "swiss"]
[EventRounds "9"]
[EventCountry "ISR"]
[SourceTitle "EXT 2023"]
[Source "ChessBase"]
[SourceDate "2022.10.05"]
[SourceVersion "1"]
[SourceVersionDate "2022.10.05"]
[SourceQuality "1"]

1. e4 c6 2. Nc3 d5 3. Nf3 dxe4 4. Nxe4 Nf6 5. Qe2 Nxe4 6. Qxe4 Be6 7. b3 Nd7 8. Bb2 Nf6 9. Qh4 Bf5 10. Ne5 e6 11. Bd3 Bxd3 12. Nxd3 Be7 13. Qg3 Qd5 14. 0-0 0-0-0 15. Qe3 Kb8 16. Rfe1 Qh5 17. Qf4+ Ka8 18. a4 Rd5 19. Re5 Qg6 1/2-1/2

[Event "Speed Chess (Women) Q2"]
[Site "Chess.com INT"]
[Date "2022.05.26"]
[Round "1"]
[White "Lahav, Michal"]
[Black "Jakubowska, Anna"]
[Result "1-0"]
[WhiteElo "2199"]
[BlackElo "2138"]
[PlyCount "107"]
[EventDate "2022.05.26"]
[EventType "swiss (blitz)"]
[EventRounds "14"]
[EventCountry "USA"]
[SourceTitle "CBM 208 Extra"]
[Source "ChessBase"]
[SourceDate "2022.07.31"]
[SourceVersion "1"]
[SourceVersionDate "2022.07.31"]
[SourceQuality "1"]

1. e4 c6 2. Nc3 d5 3. Nf3 dxe4 4. Nxe4 Nf6 5. Qe2 Nxe4 6. Qxe4 Qa5 7. c3 Bf5 8. Qf4 e6 9. d4 Nd7 10. Be2 Nf6 11. 0-0 0-0-0 12. b4 Qc7 13. Ne5 Nd5 14. Qd2 f6 15. Nc4 Be7 16. a4 e5 17. dxe5 fxe5 18. Qb2 Nf4 19. Bxf4 exf4 20. b5 cxb5 21. axb5 b6 22. Ra4 Bc5 23. Rfa1 Rd7 24. Qa2 Kb8 25. Bf3 Be6 26. Qc2 Bxc4 27. Rxc4 Bxf2+ 28. Qxf2 Qxc4 29. Bc6 Re7 30. Kh1 Rf8 31. h3 g5 32. Rxa7 Rxa7 33. Qxb6+ Kc8 34. Qxa7 Qf7 35. Qa8+ Kc7 36. Qa5+ Kd6 37. Qb4+ Ke5 38. Qd4+ Kf5 39. Be4+ Ke6 40. Bd5+ Ke7 41. Bxf7 Rxf7 42. b6 Ke6 43. b7 Rxb7 44. Qe4+ Kd6 45. Qxb7 h5 46. Qh7 g4 47. Qxh5 gxh3 48. Qxh3 Kd5 49. Qf3+ Ke5 50. Kh2 Kf5 51. Kh3 Kg5 52. Qg4+ Kf6 53. Qxf4+ Ke6 54. Kg4 1-0

[Event "Tel Aviv"]
[Site "Tel Aviv"]
[Date "2021.12.05"]
[Round "7"]
[White "Lahav, Michal"]
[Black "Solomon, Asif"]
[Result "1/2-1/2"]
[WhiteElo "2127"]
[BlackElo "2337"]
[PlyCount "84"]
[EventDate "2021.11.28"]
[EventType "tourn"]
[EventRounds "9"]
[EventCountry "ISR"]
[EventCategory "2"]
[SourceTitle "CBM 205 Extra"]
[Source "ChessBase"]
[SourceDate "2022.01.31"]
[SourceVersion "1"]
[SourceVersionDate "2022.01.31"]
[SourceQuality "1"]

1. d4 Nf6 2. Nf3 d5 3. Bf4 c5 4. c3 Nc6 5. dxc5 e6 6. b4 Ne4 7. e3 g5 8. Bg3 Bg7 9. Nd4 h5 10. f3 Nxg3 11. hxg3 a5 12. Bb5 Bd7 13. Bxc6 bxc6 14. Nd2 axb4 15. cxb4 Qb8 16. a3 Qxg3+ 17. Kf1 h4 18. Qe1 Qc7 19. N2b3 h3 20. a4 e5 21. Ne2 e4 22. f4 hxg2+ 23. Kxg2 Rg8 24. Kf2 gxf4 25. Nxf4 Be5 26. Rh4 0-0-0 27. Qe2 Bxa1 28. Nxa1 Rh8 29. Rxh8 Rxh8 30. Qa6+ Qb7 31. Qa5 Rh2+ 32. Kg3 Ra2 33. Nb3 Rb2 34. Nd4 Qxb4 35. Qa6+ Qb7 36. Qa5 Qb4 37. Qa6+ Qb7 38. Qa5 Be8 39. Nf5 Kb8 40. Qd8+ Qc8 41. Qf6 Rb1 42. Nd6 Qd7 1/2-1/2

[Event "Tel Aviv"]
[Site "Tel Aviv"]
[Date "2021.11.30"]
[Round "3"]
[White "Vagman, Roy"]
[Black "Lahav, Michal"]
[Result "0-1"]
[WhiteElo "1956"]
[BlackElo "2127"]
[PlyCount "98"]
[EventDate "2021.11.28"]
[EventType "tourn"]
[EventRounds "9"]
[EventCountry "ISR"]
[EventCategory "2"]
[SourceTitle "CBM 205 Extra"]
[Source "ChessBase"]
[SourceDate "2022.01.31"]
[SourceVersion "1"]
[SourceVersionDate "2022.01.31"]
[SourceQuality "1"]

1. e4 e6 2. d4 d5 3. Nd2 h6 4. Ngf3 Nf6 5. e5 Nfd7 6. c4 dxc4 7. Bxc4 Nb6 8. Bb3 Bd7 9. 0-0 Bc6 10. Bc2 Be7 11. Ne4 N8d7 12. Re1 Nd5 13. a3 N7b6 14. Qe2 Qd7 15. Bd3 0-0-0 16. b4 Na4 17. Bd2 Ndb6 18. b5 Bd5 19. Bb4 Bxe4 20. Qxe4 Nd5 21. Rec1 Kb8 22. Be1 g5 23. Bf1 Rhg8 24. Qc2 Nab6 25. Nd2 g4 26. Ne4 Nf4 27. Bd2 Nbd5 28. Kh1 h5 29. Nc5 Bxc5 30. dxc5 Qe7 31. Qe4 Ng6 32. c6 h4 33. cxb7 f5 34. Qe1 Qg7 35. Bg5 Rd7 36. b6 cxb6 37. Bf6 Qf7 38. Ba6 Rxb7 39. Bxb7 Qxb7 40. Qf1 h3 41. Kg1 Ndf4 42. f3 hxg2 43. Qd1 gxf3 44. Qd6+ Ka8 45. h4 Ne2+ 46. Kh2 f2 47. Qxe6 Ne7 48. Bg5 Qf3 49. Rc3 f1N+ 0-1